| 000 | 00349 a2200145 4500 | ||
|---|---|---|---|
| 999 |
_c12350 _d12350 |
||
| 003 | OSt | ||
| 005 | 20240117124439.0 | ||
| 008 | 240117b ||||| |||| 00| 0 eng d | ||
| 020 | _a9783966800075 | ||
| 082 |
_a720.92 _bMEH |
||
| 100 | _aMehrotra, Rahul | ||
| 245 | _aWorking in Mumbai : RMA Architects | ||
| 260 |
_bArchitangle _c2020 |
||
| 942 | _2ddc | ||